ՀՀ Գիտությունների ազգային ակադեմիայի հիմնարար գիտական գրադարան  =   Fundamental Scientific Library of NAS RA

Петух и крыша : (Record no. 149181)

MARC details
000 -LEADER
fixed length control field 01007nam a2200229 u 4500
001 - CONTROL NUMBER
control field 000393343
003 - CONTROL NUMBER IDENTIFIER
control field AM-YeHGA
005 - DATE AND TIME OF LATEST TRANSACTION
control field 20250618072339.0
008 - FIXED-LENGTH DATA ELEMENTS--GENERAL INFORMATION
fixed length control field 041208s1987 ||||||||||||||||||| rus d
040 ## - CATALOGING SOURCE
Original cataloging agency AM-YeHGA
041 0# - LANGUAGE CODE
Language code of text/sound track or separate title rus
090 ## - LOCALLY ASSIGNED LC-TYPE CALL NUMBER (OCLC); LOCAL CALL NUMBER (RLIN)
-- 150570
100 0# - MAIN ENTRY--PERSONAL NAME
Personal name Խնկո Ապեր,
Dates associated with a name 1870-1935
245 10 - TITLE STATEMENT
Title Петух и крыша :
Remainder of title Стихи, басни, сказки /
Statement of responsibility, etc. А.Хнкоян; Сост. В. Хнкоян; Пер. М. Саакян и др.; Предисл. Х. Гюльназаряна; Рис. С. Сафяна.
260 ## - PUBLICATION, DISTRIBUTION, ETC.
Place of publication, distribution, etc. Ереван :
Name of publisher, distributor, etc. Аревик,
Date of publication, distribution, etc. 1987.
300 ## - PHYSICAL DESCRIPTION
Extent 64 с. :
Other physical details ил. ;
Dimensions 26 см.
650 14 - SUBJECT ADDED ENTRY--TOPICAL TERM
Topical term or geographic name entry element Армянская детская литература
700 1# - ADDED ENTRY--PERSONAL NAME
Personal name Хнкоян, Ваге
Relator term сост.
Relationship com
700 1# - ADDED ENTRY--PERSONAL NAME
Personal name Саакян, М.
Relator term пер.
Relationship trl
700 1# - ADDED ENTRY--PERSONAL NAME
Personal name Գյուլնազարյան, Խաժակ Մեսրոպի,
Dates associated with a name 1918-1995
Relator term предисл.
Relationship aui
9 (RLIN) 1927
700 1# - ADDED ENTRY--PERSONAL NAME
Personal name Սաֆյան, Սպարտակ Գևորգի,
Dates associated with a name 1929-2001
Relator term худож.
Relationship art
9 (RLIN) 4028
Holdings
Withdrawn status Lost status Damaged status Not for loan Collection Home library Current library Date acquired Total checkouts Full call number Barcode Date last seen Price effective from Koha item type Public note
        General Fundamental Scientific Library Fundamental Scientific Library 28/12/2016   PIII/56197 FL0408410 28/12/2016 28/12/2016 Գրքեր / Books 30 Days Loan


ՀՀ ԳԱԱ հիմնարար գիտական գրադարան
ՀՀ,Երևան 0019
Մարշալ Բաղրամյան 24/6
հեռախոս:(374-10) 52-47-50
Հետադարձ կապ

All site content, except where otherwise noted, is licensed under a
Creative Commons License